Loading...
आगामी अतीत
| Hovedforfatter: | |
|---|---|
| Andre forfattere: | |
| Format: | Printed Book |
| Udgivet: |
New Delhi:
Rajkamal,
2004
|
| Udgivelse: | 1 |
| Fag: |
| LEADER | 00534nam a22001697a 4500 | ||
|---|---|---|---|
| 020 | |a 8126708883 | ||
| 082 | |a H891.433 |b KAM/A | ||
| 100 | |a कमलेष्वर | ||
| 245 | |a आगामी अतीत | ||
| 250 | |a 1 | ||
| 260 | |a New Delhi: |b Rajkamal, |c 2004 | ||
| 300 | |a 104p. | ||
| 650 | |a Aagami ateet | ||
| 700 | |a Kamaleshwar | ||
| 942 | |c BK | ||
| 999 | |c 42567 |d 42567 | ||
| 952 | |0 0 |1 0 |4 0 |6 H_891_433000000000000_KAMA |7 0 |8 Stack |9 46393 |a KUCL |b KUCL |c H |d 2016-11-14 |g 95.00 |l 2 |m 1 |o H891.433 KAM/A |p 36704 |r 2018-04-04 |s 2018-03-05 |w 2016-11-14 |y BK | ||